<?xml version="1.0" encoding="UTF-8"?>
<record
    xmlns:xsi="http://www.w3.org/2001/XMLSchema-instance"
    xsi:schemaLocation="http://www.loc.gov/MARC21/slim http://www.loc.gov/standards/marcxml/schema/MARC21slim.xsd"
    xmlns="http://www.loc.gov/MARC21/slim">

  <leader>01817nam a22002777a 4500</leader>
  <controlfield tag="001">000436</controlfield>
  <controlfield tag="003">DO-SdBNP</controlfield>
  <controlfield tag="005">20240904104121.0</controlfield>
  <controlfield tag="007">000436</controlfield>
  <controlfield tag="008">160829b   2007 sp     ||||| |||| 00| 0 spa d</controlfield>
  <datafield tag="020" ind1=" " ind2=" ">
    <subfield code="a">9788420470962</subfield>
  </datafield>
  <datafield tag="040" ind1=" " ind2=" ">
    <subfield code="a">BPMSU</subfield>
    <subfield code="b">spa</subfield>
    <subfield code="c">BPMSU</subfield>
  </datafield>
  <datafield tag="082" ind1=" " ind2="4">
    <subfield code="a">808.83</subfield>
    <subfield code="b">S677m 2007</subfield>
    <subfield code="2">22</subfield>
  </datafield>
  <datafield tag="092" ind1=" " ind2=" ">
    <subfield code="a">xxxxx</subfield>
    <subfield code="b">xxxxx</subfield>
  </datafield>
  <datafield tag="245" ind1="0" ind2="0">
    <subfield code="a">Sobre la marcha /</subfield>
    <subfield code="c">Susan Sontag ... [et al.] ; traducci&#xF3;n de Aurelio Major.</subfield>
  </datafield>
  <datafield tag="260" ind1=" " ind2=" ">
    <subfield code="a">Madrid : </subfield>
    <subfield code="b">Alfaguara, </subfield>
    <subfield code="c">2007</subfield>
  </datafield>
  <datafield tag="300" ind1=" " ind2=" ">
    <subfield code="a">274 p. :</subfield>
    <subfield code="b">il. ; </subfield>
    <subfield code="c">21 cm. </subfield>
  </datafield>
  <datafield tag="490" ind1="0" ind2=" ">
    <subfield code="a">Granta en espa&#xF1;ol,</subfield>
    <subfield code="v">7</subfield>
  </datafield>
  <datafield tag="505" ind1="0" ind2=" ">
    <subfield code="t">Diario: de Paris a Nueva York / </subfield>
    <subfield code="r">Susan Sontag --</subfield>
    <subfield code="t">El hijo del coronel: una de zombis /</subfield>
    <subfield code="r">Roberto Bola&#xF1;o --</subfield>
    <subfield code="t">El esclavo Henrique: el periplo de Elcano /</subfield>
    <subfield code="r">Manuel Rivas --</subfield>
    <subfield code="t">El mejor a&#xF1;o de mi vida: un cuento en Puerto Rico / </subfield>
    <subfield code="r">Paul Theroux --</subfield>
    <subfield code="t">Polaroids / </subfield>
    <subfield code="r">Bernardo Atxaga --</subfield>
    <subfield code="t">Adi&#xF3;s, Natalia: un cibercuento sobre Ucrania y Montana / </subfield>
    <subfield code="r"> Michel Faber --</subfield>
    <subfield code="t">Paseando entre utop&#xED;as fracasadas / </subfield>
    <subfield code="r">C&#xE9;sar Antonio Molina --</subfield>
    <subfield code="t">El planeta de los jud&#xED;os: un relato intergal&#xE1;ctico / </subfield>
    <subfield code="r">Gary Shteyngart --</subfield>
    <subfield code="t">Catedrales: fotograf&#xED;as / </subfield>
    <subfield code="r">Santos Montes --</subfield>
    <subfield code="t">Portbou: Paracaidismo, portentos y pasatiempos con Benjamin /</subfield>
    <subfield code="r">Miguel Mart&#xED;nez-Lage --</subfield>
    <subfield code="t">Peregrina: resolana en Israel /</subfield>
    <subfield code="r">Patricia Hampl --</subfield>
    <subfield code="t">White sands / </subfield>
    <subfield code="r">Geoff Dyer --</subfield>
    <subfield code="t">Un camino equivocado /</subfield>
    <subfield code="r">H&#xE9;ctor Abad Faciolince --</subfield>
    <subfield code="t">Apuntes desde la tierra de Nod: la lucha contra Morfeo / </subfield>
    <subfield code="r">Jim Lewis --</subfield>
    <subfield code="t">Vida imaginada: de Florencia a Buenos Aires a Caracas en la memoria /</subfield>
    <subfield code="r">Alejandro Rossi --</subfield>
    <subfield code="t">Historias de la escuela / </subfield>
    <subfield code="r">Kees Beekmans --</subfield>
    <subfield code="t">La abad&#xED;a de Northanger / </subfield>
    <subfield code="r"> Martin Amis.</subfield>
  </datafield>
  <datafield tag="590" ind1=" " ind2=" ">
    <subfield code="a">Inventariado, 2024/VM</subfield>
  </datafield>
  <datafield tag="650" ind1=" " ind2="4">
    <subfield code="a">Cuentos</subfield>
    <subfield code="v">Colecciones</subfield>
    <subfield code="c"> </subfield>
  </datafield>
  <datafield tag="700" ind1="1" ind2=" ">
    <subfield code="a">Sontag, Susan</subfield>
    <subfield code="e">autor</subfield>
  </datafield>
  <datafield tag="700" ind1="1" ind2=" ">
    <subfield code="a">Major,  Aurelio</subfield>
    <subfield code="e">tr.</subfield>
  </datafield>
  <datafield tag="910" ind1=" " ind2=" ">
    <subfield code="a">VMateo V. Control de calidad. BPMSU </subfield>
  </datafield>
  <datafield tag="942" ind1=" " ind2=" ">
    <subfield code="2">ddc</subfield>
    <subfield code="c">BK</subfield>
  </datafield>
  <datafield tag="952" ind1=" " ind2=" ">
    <subfield code="0">0</subfield>
    <subfield code="1">0</subfield>
    <subfield code="2">ddc</subfield>
    <subfield code="4">0</subfield>
    <subfield code="7">0</subfield>
    <subfield code="8">CJ-G</subfield>
    <subfield code="a">BPMET</subfield>
    <subfield code="b">BPMET</subfield>
    <subfield code="d">2016-08-29</subfield>
    <subfield code="e">ALFAGUARA</subfield>
    <subfield code="l">0</subfield>
    <subfield code="o">BPMSU CG 808.83 S677m 2007</subfield>
    <subfield code="p">BPMSU16080243</subfield>
    <subfield code="r">2016-08-29</subfield>
    <subfield code="w">2016-08-29</subfield>
    <subfield code="y">BK</subfield>
  </datafield>
  <datafield tag="952" ind1=" " ind2=" ">
    <subfield code="0">0</subfield>
    <subfield code="1">0</subfield>
    <subfield code="2">ddc</subfield>
    <subfield code="4">0</subfield>
    <subfield code="7">0</subfield>
    <subfield code="8">CJ-G</subfield>
    <subfield code="a">BPMET</subfield>
    <subfield code="b">BPMET</subfield>
    <subfield code="d">2018-02-05</subfield>
    <subfield code="e">ALFAGUARA</subfield>
    <subfield code="l">0</subfield>
    <subfield code="o">BPMSU CG 808.83 S677m 2007</subfield>
    <subfield code="p">BPMSU18020060</subfield>
    <subfield code="r">2018-02-05</subfield>
    <subfield code="t">e.2</subfield>
    <subfield code="w">2018-02-05</subfield>
    <subfield code="y">BK</subfield>
  </datafield>
  <datafield tag="952" ind1=" " ind2=" ">
    <subfield code="0">0</subfield>
    <subfield code="1">0</subfield>
    <subfield code="2">ddc</subfield>
    <subfield code="4">0</subfield>
    <subfield code="7">0</subfield>
    <subfield code="8">CJ-G</subfield>
    <subfield code="a">BPMET</subfield>
    <subfield code="b">BPMET</subfield>
    <subfield code="d">2018-02-05</subfield>
    <subfield code="e">ALFAGUARA</subfield>
    <subfield code="l">0</subfield>
    <subfield code="o">BPMSU CG 808.83 S677m 2007</subfield>
    <subfield code="p">BPMSU18020061</subfield>
    <subfield code="r">2018-02-05</subfield>
    <subfield code="t">e. 3</subfield>
    <subfield code="w">2018-02-05</subfield>
    <subfield code="y">BK</subfield>
  </datafield>
  <datafield tag="999" ind1=" " ind2=" ">
    <subfield code="c">11198</subfield>
    <subfield code="d">11198</subfield>
  </datafield>
</record>
